[Event "Scottish International Open"]
[Site "Edinburgh, Scotland"]
[Date "2015.07.18"]
[Round "8"]
[White "Paul, Rabindra"]
[Black "Hope, Iain"]
[Result "1-0"]
[WhiteElo "1822"]
[BlackElo "1349"]
[PlyCount "75"]
[EventDate "2015.??.??"]

1. g3 d5 2. Bg2 Nf6 3. d3 e6 4. Nf3 Be7 5. O-O O-O 6. Nbd2 c6 7. Re1 Nbd7 8. e4
dxe4 9. dxe4 e5 10. b3 Qc7 11. Bb2 b5 12. Qe2 Bb7 13. c4 a6 14. Red1 Rfe8 15.
Ne1 Bf8 16. Rac1 Qb6 17. g4 h6 18. Nf1 Bc5 19. Nd3 Bd4 20. h4 Bxb2 21. Nxb2
Rad8 22. g5 hxg5 23. hxg5 Nh7 24. Qg4 Ndf8 25. Nd3 Ng6 26. cxb5 cxb5 27. Ne3
Nhf8 28. Nf5 Ne6 29. Nb4 Rxd1+ 30. Rxd1 Ngf4 31. Nd5 Qc5 32. Nd6 Rb8 33. Ne7+
Kf8 34. Qf5 Nxg5 35. Qxg5 Nxg2 36. Ndf5 g6 37. Qh6+ Ke8 38. Qh8# 1-0

[Event "Scottish International Open"]
[Site "Edinburgh, Scotland"]
[Date "2015.07.18"]
[Round "8"]
[White "McKinney, Stuart"]
[Black "Smith, Stephen H"]
[Result "1/2-1/2"]
[WhiteElo "1364"]
[BlackElo "1803"]
[PlyCount "87"]
[EventDate "2015.??.??"]

1. e4 e6 2. d4 d5 3. Nd2 Nf6 4. e5 Nfd7 5. f4 c5 6. c3 Nc6 7. Ndf3 c4 8. Ne2
Be7 9. Be3 b5 10. a3 O-O 11. Ng3 Nb6 12. h4 Bd7 13. Qc2 Be8 14. Ng5 g6 15. h5
Bxg5 16. fxg5 Ne7 17. h6 a5 18. Qf2 Nf5 19. Nxf5 exf5 20. Qf4 b4 21. g4 Bd7 22.
Bh3 fxg4 23. Bxg4 Bxg4 24. Qxg4 bxc3 25. bxc3 Na4 26. Kd2 Nb2 27. Qf3 Nd3 28.
Rab1 Ra6 29. Rb5 Rb6 30. Rhb1 Rxb5 31. Rxb5 Qe7 32. Rxa5 Rb8 33. Qxd5 Rb2+ 34.
Kd1 Rb1+ 35. Ke2 Rb2+ 36. Kf3 Ne1+ 37. Ke4 Rb8 38. Ra8 Qe8 39. Rxb8 Qxb8 40.
Qxc4 Qb7+ 41. d5 Qb1+ 42. Kd4 Qb6+ 43. Ke4 Qb1+ 44. Kd4 1/2-1/2

[Event "Scottish International Open"]
[Site "Edinburgh, Scotland"]
[Date "2015.07.18"]
[Round "8"]
[White "Connolly Sams, Lukah"]
[Black "Graham, Alan"]
[Result "0-1"]
[WhiteElo "1345"]
[BlackElo "1739"]
[PlyCount "80"]
[EventDate "2015.??.??"]

1. d4 d5 2. c4 c6 3. Nc3 Nf6 4. Nf3 dxc4 5. e4 b5 6. Qc2 Bb7 7. Be2 e6 8. O-O
Be7 9. Bf4 O-O 10. a4 a6 11. axb5 cxb5 12. b3 cxb3 13. Qxb3 Nxe4 14. Nxe4 Bxe4
15. Rfc1 Bd5 16. Qe3 Bd6 17. Bh6 gxh6 18. Qxh6 f6 19. Bd3 Rf7 20. Nh4 Nd7 21.
Re1 Qf8 22. Qh5 Qg7 23. Be4 Qg5 24. Qf3 Qxh4 25. Bxd5 exd5 26. Qxd5 Qxh2+ 27.
Kf1 Qh1+ 28. Ke2 Re8+ 29. Kd3 Rxe1 30. Rxe1 Qxe1 31. Qxd6 Qd1+ 32. Ke3 Re7+ 33.
Kf4 Qd2+ 34. Kg3 Qg5+ 35. Kf3 Qf5+ 36. Kg3 Rg7+ 37. Kh2 Rg4 38. Qe7 Rh4+ 39.
Kg1 Qb1+ 40. Qe1 Qxe1# 0-1

[Event "Scottish International Open"]
[Site "Edinburgh, Scotland"]
[Date "2015.07.18"]
[Round "8"]
[White "Gray, Euan"]
[Black "Veelenturf, Wim"]
[Result "0-1"]
[WhiteElo "1629"]
[BlackElo "1697"]
[PlyCount "70"]
[EventDate "2015.??.??"]

1. d4 d5 2. c4 Nf6 3. Nc3 c6 4. Nf3 Nbd7 5. Bg5 e6 6. e3 Be7 7. Qc2 O-O 8. Bd3
h6 9. Bh4 dxc4 10. Bxc4 Nd5 11. Bxe7 Qxe7 12. O-O b6 13. Rfe1 Bb7 14. a3 Nxc3
15. bxc3 c5 16. Qe2 Qf6 17. Nd2 Rad8 18. Ba6 Ba8 19. f4 Qe7 20. a4 Nb8 21. Bb5
Bb7 22. Nb3 Bd5 23. Rab1 Rc8 24. a5 c4 25. Nd2 a6 26. Bxc4 Bxc4 27. Nxc4 b5 28.
Ne5 Rxc3 29. Rec1 Rfc8 30. Qd2 Qa3 31. Rxc3 Rxc3 32. Kf2 f6 33. Nf3 Nc6 34. d5
Nb4 35. dxe6 Rc2 0-1

[Event "Scottish International Open"]
[Site "Edinburgh, Scotland"]
[Date "2015.07.18"]
[Round "8"]
[White "Gillies, Craig"]
[Black "Van Rossum, Pia"]
[Result "1-0"]
[WhiteElo "1582"]
[BlackElo "1594"]
[PlyCount "71"]
[EventDate "2015.??.??"]

1. d4 d6 2. c4 Nf6 3. Nc3 g6 4. Nf3 Bg7 5. Bg5 O-O 6. g3 Na6 7. a3 c5 8. d5 Nc7
9. Bg2 a6 10. O-O b5 11. cxb5 Nxb5 12. Nxb5 axb5 13. Qb3 Bd7 14. Nd2 Qc7 15.
Ne4 c4 16. Qc2 Bf5 17. Bxf6 exf6 18. Qd2 Rfe8 19. Nc3 Bd7 20. e4 Qb6 21. Qf4 f5
22. exf5 Bxf5 23. Rfe1 Be5 24. Qh6 b4 25. Ne4 Bxe4 26. Rxe4 f5 27. Rxc4 bxa3
28. Rxa3 Bxb2 29. Rc6 Re1+ 30. Bf1 Rxf1+ 31. Kxf1 Qb5+ 32. Kg1 Qxc6 33. dxc6
Rxa3 34. Qd2 Be5 35. c7 Rc3 36. Qxc3 1-0

[Event "Scottish International Open"]
[Site "Edinburgh, Scotland"]
[Date "2015.07.18"]
[Round "8"]
[White "Doris, Peter"]
[Black "MacGilchrist, Siegrun"]
[Result "1/2-1/2"]
[WhiteElo "1256"]
[BlackElo "1746"]
[PlyCount "89"]
[EventDate "2015.??.??"]

1. d4 d5 2. Nf3 Nf6 3. Bf4 e6 4. e3 c5 5. c3 Bd7 6. Bd3 Be7 7. Nbd2 Nc6 8. Qe2
c4 9. Bc2 Qb6 10. Rb1 Qa6 11. a3 Nh5 12. Ne5 Nxf4 13. exf4 Nxe5 14. fxe5 Ba4
15. Nf3 Bxc2 16. Qxc2 Qb6 17. O-O O-O 18. Nd2 g6 19. f4 Rfc8 20. g4 Bf8 21. f5
exf5 22. gxf5 Qd8 23. Nf3 g5 24. Kh1 Kh8 25. Rg1 h6 26. Rg4 f6 27. Rbg1 Rc7 28.
exf6 Qxf6 29. Ne5 Bd6 30. Re1 Bxe5 31. dxe5 Qc6 32. Rd4 Rf8 33. f6 Qe6 34. Qg6
Qh3 35. Qc2 Qe6 36. Qf2 Rd8 37. Re2 Rf8 38. Qf3 Rd7 39. Qh5 Rh7 40. Qf3 Rd8 41.
Qe3 Rf7 42. Qf3 Kh7 43. Qe3 Re8 44. Qf3 Rd7 45. Re3 1/2-1/2

[Event "Scottish International Open"]
[Site "Edinburgh, Scotland"]
[Date "2015.07.18"]
[Round "8"]
[White "MacRae, James S"]
[Black "Berera, Siddharth"]
[Result "1/2-1/2"]
[WhiteElo "1689"]
[BlackElo "1457"]
[PlyCount "88"]
[EventDate "2015.??.??"]

1. b3 d5 2. Bb2 Bf5 3. e3 e6 4. c4 c6 5. Nf3 Nd7 6. Be2 h6 7. Nc3 Ngf6 8. O-O
Bd6 9. d4 Ne4 10. c5 Bc7 11. b4 a6 12. a4 O-O 13. Ra2 Re8 14. Qb3 e5 15. Nxe4
Bxe4 16. Rfa1 Bxf3 17. Bxf3 e4 18. Be2 Qh4 19. g3 Qh3 20. Bf1 Qh5 21. b5 Rab8
22. Bc3 f5 23. Qc2 Ra8 24. bxa6 bxa6 25. Rb1 Reb8 26. Rab2 Qe8 27. Rb7 Rxb7 28.
Rxb7 Qc8 29. Rb1 a5 30. Rb2 Rb8 31. Qb1 Kf8 32. Bh3 g6 33. g4 fxg4 34. Bxg4 Kg7
35. Rxb8 Qxb8 36. Qxb8 Nxb8 37. Be2 Kf6 38. f3 Kf5 39. h3 g5 40. Kg2 h5 41. Bd1
Nd7 42. Be2 Nf6 43. Bd1 exf3+ 44. Bxf3 g4 1/2-1/2

[Event "Scottish International Open"]
[Site "Edinburgh, Scotland"]
[Date "2015.07.18"]
[Round "8"]
[White "Lawson, Robert"]
[Black "Forbes, Alistair"]
[Result "1-0"]
[WhiteElo "1628"]
[BlackElo "1418"]
[PlyCount "91"]
[EventDate "2015.??.??"]

1. d4 Nf6 2. Nf3 d5 3. e3 e6 4. Bd3 c5 5. c3 c4 6. Bc2 a6 7. Nbd2 Nc6 8. O-O b5
9. Qe2 Be7 10. e4 dxe4 11. Nxe4 Nd5 12. Re1 O-O 13. Bd2 Qc7 14. Rad1 h6 15. Ng3
Bb7 16. a3 Rad8 17. Bc1 Bxa3 18. Nh5 Be7 19. Qe4 g6 20. Bxh6 Nf6 21. Nxf6+ Bxf6
22. Qg4 Bg7 23. Bf4 Qc8 24. h4 b4 25. h5 b3 26. Bb1 Ne7 27. hxg6 fxg6 28. Bg5
Bxf3 29. gxf3 Bf6 30. Bh6 Bg7 31. Bxg7 Kxg7 32. Rxe6 Qd7 33. Rde1 Rf7 34. Bxg6
Nxg6 35. Rxg6+ Kh8 36. Qh4+ Rh7 37. Qf6+ Rg7 38. Rxg7 Qxg7+ 39. Qxg7+ Kxg7 40.
Re5 Kf6 41. Rc5 Re8 42. Kf1 Rb8 43. Rxc4 Kf5 44. Ke2 Ra8 45. Ra4 Ke6 46. Kd3
1-0

[Event "Scottish International Open"]
[Site "Edinburgh, Scotland"]
[Date "2015.07.18"]
[Round "8"]
[White "McHarg, Steven"]
[Black "Smith, Sarah"]
[Result "1-0"]
[WhiteElo "1476"]
[BlackElo "888"]
[PlyCount "73"]
[EventDate "2015.??.??"]

1. d4 f5 2. Nc3 Nf6 3. Nf3 e6 4. a3 b6 5. g3 Bb7 6. Bg2 Be7 7. O-O O-O 8. b3
Ne4 9. Nb1 d6 10. c4 Bf6 11. Qc2 Nd7 12. Bb2 Kh8 13. Rd1 Bg5 14. Nxg5 Qxg5 15.
Qd3 Qg6 16. a4 a5 17. Na3 c6 18. Nb1 Rae8 19. Ba3 e5 20. f3 Nxg3 21. hxg3 e4
22. fxe4 fxe4 23. Qe3 Nf6 24. Rf1 c5 25. d5 Bc8 26. Qf4 Bf5 27. Qxf5 Qxg3 28.
Qh3 Qxh3 29. Bxh3 Nh5 30. Rxf8+ Rxf8 31. Nc3 Nf4 32. Bg2 Rf5 33. Rf1 h5 34. e3
g5 35. exf4 gxf4 36. Nxe4 Rf8 37. Nxd6 1-0

[Event "Scottish International Open"]
[Site "Edinburgh, Scotland"]
[Date "2015.07.18"]
[Round "8"]
[White "Armaan, Jal Gala"]
[Black "Pearson, Walter"]
[Result "0-1"]
[WhiteElo "1551"]
[BlackElo "1623"]
[PlyCount "94"]
[EventDate "2015.??.??"]

1. d4 d5 2. Nf3 Nf6 3. e3 e6 4. Bd3 c5 5. b3 Nc6 6. a3 g6 7. Bb2 cxd4 8. exd4
Bg7 9. Nbd2 O-O 10. Ne5 Nxe5 11. dxe5 Nd7 12. f4 Nc5 13. g4 a6 14. h4 Nxd3+ 15.
cxd3 Qb6 16. Qf3 Bd7 17. f5 exf5 18. gxf5 Bxf5 19. Qxd5 Rfd8 20. Qg2 Qe3+ 21.
Kd1 Rxd3 22. Rh2 Rad8 23. Ra2 Rxb3 24. Qe2 Qxe2+ 25. Kxe2 Rxb2 26. Rxb2 Bxe5
27. Rxb7 Bxh2 28. Nf3 Bd6 29. Ng5 Be6 30. Nxe6 fxe6 31. Ra7 Bxa3 32. Rxa6 Be7
33. Rxe6 Bxh4 34. Re4 g5 35. Kf3 h5 36. Re5 Rf8+ 37. Ke3 Kg7 38. Re7+ Kg6 39.
Re6+ Kf5 40. Rh6 Kg4 41. Re6 Bf2+ 42. Ke2 h4 43. Re4+ Kg3 44. Re5 g4 45. Rh5 h3
46. Kf1 Be3+ 47. Ke1 h2 0-1

[Event "Scottish International Open"]
[Site "Edinburgh, Scotland"]
[Date "2015.07.18"]
[Round "8"]
[White "Pannwitz, Kai"]
[Black "Stuart, Joseph Maxwell"]
[Result "1-0"]
[WhiteElo "1797"]
[BlackElo "1210"]
[PlyCount "47"]
[EventDate "2015.??.??"]

1. d4 d5 2. c4 e6 3. Nc3 Bb4 4. cxd5 exd5 5. Bf4 Nf6 6. e3 O-O 7. Qc2 Bg4 8.
Bd3 g6 9. f3 Be6 10. Nge2 a6 11. g4 c5 12. dxc5 Bxc5 13. h4 Qb6 14. Na4 Bb4+
15. Nac3 Bc5 16. Qd2 Bb4 17. Be5 Nbd7 18. Bd4 Qd6 19. h5 Ne5 20. Kf2 Nxd3+ 21.
Qxd3 Nd7 22. hxg6 fxg6 23. Rxh7 Bxg4 24. Rg7+ 1-0

[Event "Scottish International Open"]
[Site "Edinburgh, Scotland"]
[Date "2015.07.18"]
[Round "8"]
[White "Brown, Gerry"]
[Black "Heathwood, Richard"]
[Result "1/2-1/2"]
[WhiteElo "1468"]
[BlackElo "1672"]
[PlyCount "50"]
[EventDate "2015.??.??"]

1. Nf3 d5 2. d4 e6 3. g3 Nf6 4. Bg2 Be7 5. O-O O-O 6. Nbd2 Nbd7 7. Re1 b6 8. c4
Bb7 9. b3 c5 10. Bb2 Rc8 11. cxd5 exd5 12. dxc5 bxc5 13. e3 Re8 14. Rc1 Bd6 15.
Qc2 Qb6 16. Nb1 c4 17. Bd4 cxb3 18. Qxb3 Qxb3 19. axb3 Bb4 20. Bc3 Bxc3 21.
Rxc3 Ne4 22. Rxc8 Rxc8 23. Nd4 Ndf6 24. f3 Ng5 25. Na3 a6 1/2-1/2

[Event "Scottish International Open"]
[Site "Edinburgh, Scotland"]
[Date "2015.07.18"]
[Round "8"]
[White "Smith, Rachel"]
[Black "McGillivray, Calum"]
[Result "0-1"]
[WhiteElo "1316"]
[BlackElo "1589"]
[PlyCount "98"]
[EventDate "2015.??.??"]

1. d4 f5 2. Bf4 Nf6 3. e3 c6 4. Bd3 e6 5. Nf3 d5 6. c3 Bd6 7. Bxd6 Qxd6 8. Ne5
Nbd7 9. f4 O-O 10. O-O c5 11. Nd2 c4 12. Bc2 b5 13. a3 a5 14. Qe2 Ba6 15. Ndf3
b4 16. Nxd7 Nxd7 17. Ne5 Nf6 18. Kh1 Ne4 19. Bxe4 fxe4 20. g4 bxc3 21. bxc3
Rab8 22. a4 Rb3 23. Qc2 Rfb8 24. Ra2 Bc8 25. Kg2 Bd7 26. Rc1 Bxa4 27. Qd2 Be8
28. Rcc2 a4 29. Ra1 a3 30. Kg3 Rb2 31. Ra2 Rb1 32. Rc1 Ba4 33. Ra1 Rxc1 34.
Qxc1 Rb2 35. h4 Be8 36. Kh3 Qa6 37. h5 Qa4 38. f5 exf5 39. gxf5 Bxh5 40. Ng4
Bxg4+ 41. Kxg4 Qb3 42. Qe1 a2 43. Qh4 Qb8 44. Rh1 Rg2+ 45. Kh3 Rh2+ 46. Rxh2
a1=Q 47. f6 Qf1+ 48. Kg4 Qc8+ 49. Kg3 Qf3# 0-1

[Event "Scottish International Open"]
[Site "Edinburgh, Scotland"]
[Date "2015.07.18"]
[Round "8"]
[White "Volland, Ben"]
[Black "Tramontano, Fulvio"]
[Result "1-0"]
[WhiteElo "1543"]
[BlackElo "1325"]
[PlyCount "55"]
[EventDate "2015.??.??"]

1. e4 e5 2. Nf3 Nc6 3. Nc3 Nf6 4. d4 exd4 5. Nxd4 Bb4 6. Nxc6 Bxc3+ 7. bxc3
bxc6 8. Bd3 O-O 9. O-O Re8 10. Re1 d6 11. h3 h6 12. Qf3 Qe7 13. e5 d5 14. Bxh6
gxh6 15. exf6 Qxe1+ 16. Rxe1 Rxe1+ 17. Kh2 Kf8 18. Qh5 Be6 19. Qxh6+ Ke8 20.
Qh8+ Kd7 21. Qxa8 Ra1 22. Qxa7 Kd6 23. f4 Rb1 24. Qd4 Ra1 25. c4 Rxa2 26. c5+
Kd7 27. f5 Ra1 28. Qxa1 1-0

[Event "Scottish International Open"]
[Site "Edinburgh, Scotland"]
[Date "2015.07.18"]
[Round "8"]
[White "Smith, Mark J"]
[Black "Hartman, James"]
[Result "1/2-1/2"]
[WhiteElo "1440"]
[BlackElo "1003"]
[PlyCount "65"]
[EventDate "2015.??.??"]

1. e4 e5 2. f4 d6 3. Nf3 Nc6 4. Bc4 Nf6 5. d3 Be6 6. Bb5 Be7 7. fxe5 dxe5 8.
Nxe5 Bd7 9. Nxc6 bxc6 10. Bc4 O-O 11. O-O Bd6 12. Bg5 Be5 13. d4 Bg4 14. Bxf6
Bxf6 15. Qxg4 Bxd4+ 16. Kh1 Bxb2 17. Qf3 Qf6 18. Qxf6 Bxf6 19. Rxf6 gxf6 20.
Nd2 Rfd8 21. Bd3 Rab8 22. h3 Kg7 23. g4 Kf8 24. a4 Ke7 25. a5 Ke6 26. Nc4 Rb4
27. a6 Rd4 28. Na5 Kd6 29. Kg2 Ra4 30. Nb7+ Ke5 31. Rf1 Ra2 32. Rf5+ Ke6 33.
Kf3 1/2-1/2

[Event "Scottish International Open"]
[Site "Edinburgh, Scotland"]
[Date "2015.07.18"]
[Round "8"]
[White "Connolly Sams, Dietah"]
[Black "Hegde, Stuthi"]
[Result "1/2-1/2"]
[WhiteElo "829"]
[BlackElo "1241"]
[PlyCount "75"]
[EventDate "2015.??.??"]

1. d4 Nf6 2. c4 e6 3. Nc3 Bb4 4. Qc2 O-O 5. a3 Bxc3+ 6. Qxc3 Ne4 7. Qd3 f5 8.
Nf3 b6 9. g3 Bb7 10. Bg2 d5 11. cxd5 exd5 12. Bf4 Nd7 13. Rc1 c5 14. O-O Rc8
15. b3 Qe7 16. Bh3 Kh8 17. Nh4 g5 18. Nxf5 Rxf5 19. Bxf5 gxf4 20. f3 Nef6 21.
dxc5 Qe5 22. Bxd7 Nxd7 23. cxb6 Nxb6 24. Rxc8+ Bxc8 25. g4 h5 26. h3 Qf6 27.
Rc1 Qe5 28. Kf2 Be6 29. Qg6 Qe3+ 30. Kg2 Qxe2+ 31. Kg1 Qe3+ 32. Kg2 Qxc1 33.
Qh6+ Kg8 34. Qg6+ Kf8 35. Qf6+ Kg8 36. Qg6+ Kf8 37. Qf6+ Bf7 38. Qd8+ 1/2-1/2

[Event "Scottish International Open"]
[Site "Edinburgh, Scotland"]
[Date "2015.07.19"]
[Round "9"]
[White "Thorarinsson, Pall A"]
[Black "Van den Doel, Erik"]
[Result "1/2-1/2"]
[WhiteElo "2208"]
[BlackElo "2564"]
[PlyCount "159"]
[EventDate "2015.??.??"]
[WhiteClock "0:01:41"]
[BlackClock "0:04:35"]

1. d4 d5 2. c4 dxc4 3. e3 e5 4. Bxc4 exd4 5. exd4 Nf6 6. Nf3 Bd6 7. O-O O-O 8.
h3 Nc6 9. a3 Bf5 10. Nc3 h6 11. Re1 Re8 12. Be3 a6 13. b4 Qd7 14. Ra2 Ne4 15.
Nxe4 Bxe4 16. Nd2 Bg6 17. Nb3 Rad8 18. Rd2 Ne7 19. Nc5 Qc8 20. Qg4 Bf5 21. Qf3
c6 22. Rde2 b5 23. Bb3 Bxc5 24. bxc5 Nd5 25. Bd2 Rxe2 26. Rxe2 Be6 27. Qg3 Kh8
28. Qh4 Kg8 29. Bc2 Qd7 30. Bxh6 gxh6 31. Qxh6 Bf5 32. Qg5+ Bg6 33. Bxg6 fxg6
34. Qxg6+ Qg7 35. Qxc6 Qxd4 36. Qg6+ Kf8 37. Re6 Qf4 38. g3 Qf7 39. Qh6+ Qg7
40. Qh4 Re8 41. Rxa6 Nc3 42. Rf6+ Kg8 43. Rf5 Ne4 44. c6 Qg6 45. Rxb5 Qxc6 46.
Qg4+ Kf7 47. Rf5+ Nf6 48. Qf3 Qd6 49. g4 Kg7 50. Kg2 Ne4 51. Rf7+ Kg8 52. Qf5
Qh6 53. Rc7 Nd6 54. Qd5+ Kh8 55. Rd7 Ne4 56. Rd8 Qf8 57. Rxe8 Qxe8 58. Qd4+ Kg8
59. f3 Ng5 60. Qd5+ Nf7 61. Qd3 Qe6 62. h4 Qe1 63. h5 Ne5 64. Qf5 Qe2+ 65. Kg3
Nd3 66. Qg6+ Kh8 67. Qh6+ Kg8 68. Qg5+ Kh8 69. Qd8+ Kh7 70. Qd7+ Kh8 71. Qc8+
Kg7 72. Qb7+ Kh8 73. Qc8+ Kg7 74. Qd7+ Kh8 75. Qd8+ Kh7 76. Qc7+ Kh8 77. Qc3+
Kh7 78. Qc7+ Kh8 79. Qc3+ Kh7 80. Qc7+ 1/2-1/2

[Event "Scottish International Open"]
[Site "Edinburgh, Scotland"]
[Date "2015.07.19"]
[Round "9"]
[White "Korneev, Oleg"]
[Black "McKay, Roderick M"]
[Result "1-0"]
[WhiteElo "2567"]
[BlackElo "2338"]
[PlyCount "72"]
[EventDate "2015.??.??"]
[WhiteClock "0:03:36"]
[BlackClock "0:01:04"]

1. e4 c5 2. Nf3 e6 3. c3 d5 4. e5 b6 5. d4 Qd7 6. Nbd2 cxd4 7. cxd4 Ne7 8. Bd3
Ng6 9. g3 Ba6 10. Qe2 Qb7 11. h4 h5 12. Nf1 Be7 13. Ne3 Bxd3 14. Qxd3 Qa6 15.
Qe2 Kd7 16. Bd2 f6 17. exf6 Bxf6 18. Bc3 Rc8 19. Qc2 Ne7 20. Qd2 Nbc6 21. Ng2
Nf5 22. Nf4 Rh8 23. Ne2 Nd6 24. O-O Ne4 25. Qe3 Ne7 26. Rfe1 Nf5 27. Qf4 Raf8
28. Ne5+ Bxe5 29. Qxe5 g5 30. Bb4 Rc8 31. Nc3 Qc4 32. Nxe4 dxe4 33. d5 Qxb4 34.
dxe6+ Kc6 35. Qxf5 gxh4 36. a3 Rcf8 1-0

[Event "Scottish International Open"]
[Site "Edinburgh, Scotland"]
[Date "2015.07.19"]
[Round "9"]
[White "Aagaard, Jacob"]
[Black "Rooze, Jan"]
[Result "1-0"]
[WhiteElo "2506"]
[BlackElo "2316"]
[PlyCount "59"]
[EventDate "2015.??.??"]
[WhiteClock "0:23:12"]
[BlackClock "0:06:31"]

1. d4 Nf6 2. Nf3 e6 3. c4 Bb4+ 4. Nbd2 b6 5. a3 Bxd2+ 6. Qxd2 Bb7 7. e3 Ne4 8.
Qc2 f5 9. b4 O-O 10. Be2 d6 11. O-O Nd7 12. d5 Rf6 13. Nd4 Nf8 14. f3 Ng5 15.
dxe6 Nfxe6 16. Nxf5 Qf8 17. Bd3 Nf7 18. f4 Re8 19. Bb2 Rg6 20. Ng3 Rh6 21. Rae1
c5 22. Re2 cxb4 23. axb4 a5 24. Nf5 Rh5 25. g4 Rh3 26. Be4 Bxe4 27. Qxe4 h5 28.
g5 Nfd8 29. Qd5 Kh8 30. Kg2 1-0

[Event "Scottish International Open"]
[Site "Edinburgh, Scotland"]
[Date "2015.07.19"]
[Round "9"]
[White "Farago, Ivan"]
[Black "Pritchett, Craig William"]
[Result "1/2-1/2"]
[WhiteElo "2417"]
[BlackElo "2324"]
[PlyCount "85"]
[EventDate "2015.??.??"]
[WhiteClock "0:24:05"]
[BlackClock "0:35:10"]

1. d4 Nf6 2. c4 e6 3. Nf3 Bb4+ 4. Bd2 c5 5. Bxb4 cxb4 6. e3 O-O 7. Bd3 d6 8.
Qc2 Nc6 9. d5 exd5 10. cxd5 Ne7 11. e4 Ng6 12. O-O Bg4 13. Nbd2 Nd7 14. Rac1
Nc5 15. Rfe1 Rc8 16. Bf1 Re8 17. Qc4 Nxe4 18. Qxb4 Rxc1 19. Rxc1 Bxf3 20. Nxf3
Nc5 21. Re1 Rxe1 22. Qxe1 Qe7 23. Qa5 a6 24. Qb6 h6 25. g3 Kh7 26. b4 Ne4 27.
Qd4 Ng5 28. Nxg5+ Qxg5 29. Bd3 Kg8 30. Qc4 Nf8 31. Kg2 g6 32. Be4 Qe7 33. Bf3
h5 34. h4 Nh7 35. Qc8+ Kg7 36. a4 Nf6 37. a5 Qd7 38. Qc4 Qf5 39. Qd4 Kf8 40.
Qb6 Qd7 41. Qd4 Qf5 42. Qb6 Qd7 43. Qd4 1/2-1/2

[Event "Scottish International Open"]
[Site "Edinburgh, Scotland"]
[Date "2015.07.19"]
[Round "9"]
[White "Berry, Neil"]
[Black "Arakhamia Grant, Ketevan"]
[Result "1-0"]
[WhiteElo "2306"]
[BlackElo "2374"]
[PlyCount "107"]
[EventDate "2015.??.??"]
[WhiteClock "0:05:29"]
[BlackClock "0:05:03"]

1. d4 Nf6 2. c4 g6 3. Nc3 Bg7 4. e4 d6 5. Nf3 O-O 6. Be2 Nbd7 7. Be3 e5 8. d5
Ng4 9. Bd2 f5 10. Ng5 Nc5 11. b4 fxe4 12. O-O e3 13. Bxg4 exd2 14. bxc5 Qxg5
15. Bxc8 Raxc8 16. Ne4 Qh4 17. Qe2 dxc5 18. Rab1 b6 19. Nxd2 e4 20. Qxe4 Qh6
21. Nf3 Rce8 22. Qd3 Rf4 23. Rfe1 Ref8 24. Re4 R4f7 25. Rbe1 Qh5 26. Re7 g5 27.
h3 Bf6 28. Rxf7 Qxf7 29. Qf5 Qg7 30. Re6 Be7 31. Qe5 Qxe5 32. Rxe5 Bf6 33. Re6
Kg7 34. Kf1 h5 35. Ke2 Bd8 36. Nd2 Rf4 37. Ne4 g4 38. hxg4 hxg4 39. g3 Rf8 40.
Nd2 Bg5 41. Nf1 Rh8 42. Ne3 Rh1 43. Nxg4 Ra1 44. f4 Rxa2+ 45. Ke3 Bd8 46. Re8
Bf6 47. Rc8 Bd4+ 48. Kf3 Ra3+ 49. Ke4 Rxg3 50. Kf5 a5 51. Rxc7+ Kf8 52. d6 Ke8
53. Ke6 Kd8 54. Rf7 1-0

[Event "Scottish International Open"]
[Site "Edinburgh, Scotland"]
[Date "2015.07.19"]
[Round "9"]
[White "Green, Andrew D"]
[Black "Petesch, Gabriel N"]
[Result "0-1"]
[WhiteElo "2173"]
[BlackElo "2242"]
[PlyCount "106"]
[EventDate "2015.??.??"]
[WhiteClock "0:32:38"]
[BlackClock "0:29:58"]

1. d4 c5 2. d5 e5 3. c4 d6 4. e4 Nd7 5. Nc3 g6 6. g3 Bg7 7. Bg2 Ne7 8. Nge2 a6
9. O-O O-O 10. h3 Rb8 11. a4 b6 12. Kh2 h6 13. Bd2 Kh7 14. Qc2 Qc7 15. Rab1 f5
16. f4 Nf6 17. fxe5 dxe5 18. Rbd1 Qd6 19. Be3 Bd7 20. Nc1 f4 21. gxf4 exf4 22.
e5 Qxe5 23. Bxf4 Ng4+ 24. hxg4 Rxf4 25. Nd3 Rxf1+ 26. Nxe5 Bxe5+ 27. Kh3 Bxg4+
28. Kxg4 Rf4+ 29. Kh3 Nf5 30. Qe4 Rxe4 31. Bxe4 Nd6 32. Bd3 Rf8 33. Kg2 Bd4 34.
Rd2 Re8 35. Kf3 Re3+ 36. Kf4 Kg7 37. Ne2 Kf6 38. Nxd4 cxd4 39. b4 h5 40. Bxg6
Kxg6 41. Rxd4 Rc3 42. c5 bxc5 43. bxc5 Rxc5 44. Ke5 Rc4 45. Rd1 Nf7+ 46. Ke6
Re4+ 47. Kd7 Rxa4 48. d6 h4 49. Ke7 Nxd6 50. Kxd6 h3 51. Ke5 h2 52. Rd6+ Kg5
53. Rd8 Ra5+ 0-1

[Event "Scottish International Open"]
[Site "Edinburgh, Scotland"]
[Date "2015.07.19"]
[Round "9"]
[White "Schroer, Marcel"]
[Black "Grant, Jonathan I M"]
[Result "0-1"]
[WhiteElo "2183"]
[BlackElo "2211"]
[PlyCount "112"]
[EventDate "2015.??.??"]
[WhiteClock "0:16:31"]
[BlackClock "0:05:33"]

1. d4 Nf6 2. Nf3 e6 3. g3 b5 4. Bg2 d5 5. a4 b4 6. O-O Bb7 7. Nbd2 Nbd7 8. Nb3
c5 9. dxc5 Nxc5 10. Nxc5 Bxc5 11. Ne5 O-O 12. a5 Ba6 13. Nd3 Bd6 14. Bd2 Rb8
15. Qe1 Qe7 16. Ra4 b3 17. c3 Rfc8 18. Be3 Rc4 19. Ra1 Ng4 20. Bd2 Ne5 21. Qd1
Rc6 22. Nxe5 Bxe5 23. Re1 f5 24. Be3 Qc7 25. Qd2 Bc4 26. Bd4 h6 27. h4 Ra6 28.
Ra3 Rb5 29. Bxe5 Qxe5 30. Rea1 Qxe2 31. Qxe2 Bxe2 32. Bf1 Bxf1 33. Kxf1 Rc6 34.
Ra4 Rc4 35. Rxc4 dxc4 36. Ra4 Rc5 37. a6 Rc6 38. f4 Kf7 39. Ke2 Kf6 40. Ke3 e5
41. fxe5+ Kxe5 42. Ra5+ Kf6 43. Kd4 g5 44. Kd5 Re6 45. Kxc4 gxh4 46. gxh4 f4
47. Ra1 Kf5 48. Kd5 Re2 49. Kc6 Rxb2 50. Kb7 f3 51. Kxa7 Ra2 52. Rb1 f2 53. Kb7
b2 54. a7 Ke4 55. a8=Q Rxa8 56. Kxa8 Kd3 0-1

[Event "Scottish International Open"]
[Site "Edinburgh, Scotland"]
[Date "2015.07.19"]
[Round "9"]
[White "Edwards, Jonathan"]
[Black "Lapidus, Mark"]
[Result "0-1"]
[WhiteElo "2182"]
[BlackElo "2202"]
[PlyCount "64"]
[EventDate "2015.??.??"]
[WhiteClock "0:16:37"]
[BlackClock "0:24:37"]

1. Nf3 g6 2. g3 Bg7 3. Bg2 e5 4. d3 d5 5. O-O Ne7 6. c4 c6 7. cxd5 cxd5 8. Nc3
h6 9. e4 d4 10. Nd5 Nbc6 11. b3 Be6 12. Ba3 Nxd5 13. exd5 Bxd5 14. Re1 Qa5 15.
Bd6 O-O-O 16. b4 Qa6 17. Bc5 b6 18. a4 Qb7 19. b5 bxc5 20. bxc6 Qxc6 21. Nxe5
Bxe5 22. Rxe5 Bxg2 23. Rxc5 Qxc5 24. Rc1 Qc6 25. Rxc6+ Bxc6 26. Qc2 Rd6 27. Qc5
Re6 28. f3 Rhe8 29. a5 Kb7 30. Qxd4 Bxf3 31. Qd7+ Ka6 32. d4 Bc6 0-1

[Event "Scottish International Open"]
[Site "Edinburgh, Scotland"]
[Date "2015.07.19"]
[Round "9"]
[White "Birkett, Richard"]
[Black "McNab, Colin Anderson"]
[Result "0-1"]
[WhiteElo "2058"]
[BlackElo "2443"]
[PlyCount "52"]
[EventDate "2015.??.??"]
[WhiteClock "0:05:24"]
[BlackClock "0:23:09"]

1. e4 g6 2. d4 Bg7 3. Nf3 d6 4. Bc4 e6 5. Qe2 Ne7 6. Nbd2 b6 7. h4 h6 8. Nf1
Bb7 9. Ng3 Nd7 10. Bb3 c5 11. c3 Qc7 12. Bf4 O-O-O 13. Bc4 e5 14. Be3 d5 15.
exd5 Nxd5 16. Bxd5 Bxd5 17. dxe5 Nxe5 18. Nxe5 Bxe5 19. f4 Bd6 20. O-O-O Qb7
21. Qg4+ Kb8 22. Rhf1 Rhe8 23. Bg1 Bxa2 24. f5 Bb3 25. Rxd6 Rxd6 26. Bh2 Qa6
0-1

[Event "Scottish International Open"]
[Site "Edinburgh, Scotland"]
[Date "2015.07.19"]
[Round "9"]
[White "Aitchison, A Keith"]
[Black "Tate, Alan"]
[Result "0-1"]
[WhiteElo "1837"]
[BlackElo "2335"]
[PlyCount "74"]
[EventDate "2015.??.??"]
[WhiteClock "0:05:26"]
[BlackClock "0:02:36"]

1. e4 c5 2. Nf3 d6 3. Nc3 a6 4. a4 Nc6 5. d4 cxd4 6. Nxd4 Nf6 7. Be2 e5 8. Nf3
h6 9. h3 Be7 10. O-O O-O 11. Be3 Be6 12. Qd2 Rc8 13. Bd3 Nb4 14. a5 Nxd3 15.
cxd3 d5 16. Bb6 Qd6 17. exd5 Nxd5 18. Ne4 Qb8 19. Be3 Bb4 20. Qe2 f5 21. Nc3
Nxc3 22. bxc3 Bxc3 23. Ra4 Bd5 24. Rb1 Rc6 25. d4 Bxf3 26. Qxf3 f4 27. Qd5+ Kh8
28. Bc1 exd4 29. Ba3 Rd8 30. Qf5 Qc7 31. Bc1 Rf6 32. Qd3 Qd7 33. Ra3 Qd5 34. f3
Rd7 35. Bd2 Bxd2 36. Qxd2 d3 37. Rd1 Qd4+ {Qc2} 0-1